000 00896nam a2200193Ia 4500
999 _c56393
_d56393
001 23506
003 GE_BSU
005 20220530133331.0
008 181216s1957||||ge |||||||||||||| ||geo||
040 _cGE_BSU
041 _ageo
080 _a94(5-011) ნ-28
245 _aნარკვევები მახლობელი აღმოსავლეთის ისტორიიდან :
_bფეოდალური ხანა /
_cვ. ნ. გაბაშვილის რედ.
264 _aთბილისი :
_bთბილ. უნ-ტის გამ-ბა,
_c1957.
300 _a403 გვ. ;
_b24 სმ.
653 _aმახლობელი აღმოსავლეთის ფეოდალური ხანის ისტორია
700 _aგაბაშვილი, ვ. ნ.
_eრედაქტორი
_913890
942 _cBK
_2udc